Microwave Solid state circuit design (Record no. 612485)

000 -LEADER
fixed length control field 00379nam a22001337a 4500
020 ## - INTERNATIONAL STANDARD BOOK NUMBER
International Standard Book Number 0471831891
040 ## - CATALOGING SOURCE
Transcribing agency Nust
082 ## - DEWEY DECIMAL CLASSIFICATION NUMBER
Classification number 621.38132
Author Mark BAH'M
100 ## - MAIN ENTRY--PERSONAL NAME
Personal name Prakash Bhartia
9 (RLIN) 127338
245 ## - TITLE STATEMENT
Title Microwave Solid state circuit design
260 ## - PUBLICATION, DISTRIBUTION, ETC.
Place of publication, distribution, etc. New York :
Name of publisher, distributor, etc. John Willey and sons Inc,
Date of publication, distribution, etc. 1988.
650 ## - SUBJECT ADDED ENTRY--TOPICAL TERM
Topical term or geographic name entry element Microwave Solid state circuit design
9 (RLIN) 127339
942 ## - ADDED ENTRY ELEMENTS (KOHA)
Source of classification or shelving scheme
Koha item type Book
Holdings
Withdrawn status Lost status Source of classification or shelving scheme Damaged status Not for loan Permanent Location Current Location Shelving location Date acquired Total Checkouts Full call number Barcode Date last seen Price effective from Koha item type
          College of Electrical & Mechanical Engineering (CEME) College of Electrical & Mechanical Engineering (CEME) General Stacks 01/02/2025   621.38132 BAH'M CEME- 31504 01/02/2025 01/02/2025 Book
© 2023 Central Library, National University of Sciences and Technology. All Rights Reserved.